One Piece par la lettre F - Statistiques

Statistiques générales
  • Ce quiz a été pris 220 fois
  • Le résultat moyen est 9 sur 15
Statistiques - réponses
Indice Réponse % Correct
Le cyborg Franky
100%
L'élément d'Ace Feu
89%
Celui qui le mange obtient un grand pouvoir mais se voit rejeté par la mer Fruit du démon
89%
L'élément de Smoker Fumée
88%
Homme-poisson qui a libéré des esclaves Fisher Tiger
81%
Ramollo beam Foxy
80%
Le fruit de Doflamingo Fruit des fils
69%
Frère de la princesse sirène Fukaboshi
57%
Le fruit de Bege Fruit de la forteresse
54%
Battu par le cyborg à Ennies Lobby Fukuro
53%
Lieutenant commandant de la marine sous les ordres d'Hina Fullbody
53%
La petite sœur préférée de la famille Charlotte Flampe
44%
Épée de Spandam Funkfreed
42%
Commandant de ninjas au service d'Orochi Fukurokuju
22%
Taureau du Colisée Fighting Bull
14%
Aucun quiz correspondant
Distribution des résultats
% des personnes avec chaque résultat
Percentile par nombre de réponses
Votre historique - résultats
Vous n’avez pas pris ce quiz